| 000 | 00522nam a22001577a 4500 | ||
|---|---|---|---|
| 008 | 150407b xxu||||| |||| 00| 0 eng d | ||
| 050 | _aQ335.5.F4 | ||
| 100 |
_aFiegenbaum,E.A. (ed.) _916938 |
||
| 245 |
_aComputers and thought _c/by Edward A. Feigebaum and Julian Feldman |
||
| 260 |
_aNew York _bMcGrawhill _c1963 |
||
| 300 |
_axiv,535p. ; _c24cm. |
||
| 650 |
_aArtificial intelligence _916939 |
||
| 650 |
_aDigital computer simulation _916940 |
||
| 700 |
_aJulian, Fieldman (ed.) _916941 |
||
| 942 |
_2lcc _cMONOGRAPH |
||
| 999 |
_c122582 _d122582 |
||